000
00272nam a2200121Ia 4500
008
190216s9999||||xx |||||||||||||| ||und||
100
_a
Ray.M
245
2
_a
A Text Book On Statics
260
_b
S Chand & Co
_c
1970
300
_a
228p
650
_a
Mathematics
942
_c
BK
999
_c
30845
_d
30845